| 000 | 00888nam a2200229 a 4500 | ||
|---|---|---|---|
| 001 | 000013702 | ||
| 005 | 20200929163321.0 | ||
| 008 | 091127s1983 dr 000 0 spa d | ||
| 040 |
_aDO-SdBNP _bspa _cBNPHU |
||
| 082 |
_a370.9 _bS237p |
||
| 100 | 1 |
_aSantos Hernández, Roberto, _d1948- _931139 |
|
| 245 | 1 | 0 |
_aPasado, presente y perspectivas de la educación nacional institucionalizada / _cRoberto Santos Hernández. |
| 260 |
_aSanto Domingo : _bAlfa y Omega, _c1983. |
||
| 300 |
_a232 p. ; _c22 cm. |
||
| 500 | _aIncluye datos biográficos del autor en la contraportada | ||
| 504 | _aIncluye referencias bibliográficas y notas al pie de las páginas. | ||
| 504 | _aIncluye bibliografía (p. 231-232) | ||
| 650 | 4 |
_aEducación _xHistoria _zRepública Dominicana _9628 |
|
| 650 | 4 |
_aEducación _xAspectos soaciales _931140 |
|
| 650 | 4 |
_aEducación y desarrollo _931141 |
|
| 049 | _aBNPD | ||
| 999 |
_c13315 _d13315 |
||